000 00364nam a2200145Ia 4500
008 210719s1985 xx 000 0 und d
041 _aeng
082 _a621.3813 CANU
100 _aCANNON (Don L)
245 _aUnderstanding solid state electronics. Vol.2
260 _aTexas
_bRadio Shack
_c1985
300 _aQA1
_bPB
365 _cRs
650 _aElectronics
999 _c213603
_d213603